000 00625nam a2200217Ia 4500
005 20241129115833.0
008 241129s9999||||xx |||||||||||||| ||und||
020 _a9789394262454
037 _aTB
040 _aSDCL
_beng
_cSDCL
041 _aeng
_2eng
084 _aV:(G:55).2'N, R3
_qSDCL
100 _aDasgupta Dipanwita
_9728466
245 0 _aRavaged paradise : Environmental history of colonial darheeling himalaya(1835-1947)
260 _aNew Delhi
_bMahohar
_c2023
300 _a233p.
365 _aINR
_b1425
650 _aHistory
942 _cTB
_hV:(G:55).2'N, R3
999 _c1232227
_d1232227